000
00344nam a2200133Ia 4500
008
231129s9999||||xx |||||||||||||| ||spa||
020
_a
84-206-1786-5
040
_b
spa
082
_a
EU813 L897en
100
_a
Lovecraft Howard Philips
245
0
_a
En la cripta
264
_a
Alianza
942
_2
ddc
_c
BKS
999
_c
12890
_d
12890